000 00365nam a22001337a 4500
008 230606b xxu||||| |||| 00| 0 eng d
020 _a9789987712434
082 _a346.06
_bEAC
100 _cEAC
245 _a13Th Summit Meeting of Heads of State
_bRoca Golf Hotel Bujumbura, Burundi
260 _aArusha
_bEAC
_c2011
300 _aii(various paging)
942 _2ddc
_cBK
999 _c538
_d538